|
|
|
|
| LEADER |
007540000a22002290004500 |
| 020 |
|
|
|a 0-415-20574-3
|
| 082 |
|
|
|a 338.900 917 24 N9
|
| 100 |
|
|
|a Mehmet, Ozay; Author
|
| 245 |
|
|
|a Westernizing the third world: the Eurocentricity of economic development theories
|
| 250 |
|
|
|a Ed.2
|
| 260 |
|
|
|a London, Routledge
|e 1999
|
| 260 |
|
|
|c 1999
|
| 460 |
|
|
|a xiv,210
|
| 465 |
|
|
|a D.18.99
|
| 500 |
|
|
|a Includes bibliographical references and index
|
| 500 |
|
|
|a Ozay Mehmet
|
| 650 |
|
|
|a Economic development
|
| 650 |
|
|
|a Ethnocentrism
|
| 650 |
|
|
|a Mercantile system
|
| 942 |
|
|
|c BK
|
| 999 |
|
|
|c 30498
|d 30498
|
| 952 |
|
|
|0 0
|1 0
|4 0
|6 338_900000000000000_917_24_N9
|7 0
|8 ENG
|9 30508
|a MGUL
|b MGUL
|d 2013-07-16
|e D.18.99
|l 0
|o 338.900 917 24 N9
|p 31164
|r 2013-07-16
|w 2013-07-16
|y BK
|